| 000 | 01169nam a2200217Ia 4500 | ||
|---|---|---|---|
| 001 | 7349 | ||
| 003 | GE_BSU | ||
| 008 | 181216s||||||||xx |||||||||||||| ||und|| | ||
| 020 | _a9789941407109 | ||
| 040 | _cGE_BSU | ||
| 080 | _a930.221(=512.161)+94(479.22)+091(=512.16)+31(479.22)+336.2(479.22) | ||
| 245 | _a1728 წლის თბილისის ვილაიეთის დიდი დავთარი. წ. 2. | ||
| 245 | _cოსმალური ტექსტი ქართული თარგმანით, შესავლით, გამოკვლევით მოამზადეს სერგი ჯიქიამ და ნოდარ შენგელიამ. რედ.: მირიან მახარაძე. | ||
| 250 | _aივანე ჯავახიშვილის სახ. თბილისის სახ. უნ–ტი. | ||
| 260 | _aთბილისი. | ||
| 260 | _bჰოროსი XXI. | ||
| 260 | _c2010. | ||
| 300 | _a726გვ.25 სმ. | ||
| 653 | _a1728 წლის თბილისის ვილაიეთის დიდი დავთარი. | ||
| 942 | _cBK | ||
| 999 |
_c40713 _d40713 |
||